00498nam a2200193 a 4500001001300000003000900013005001700022008004100039020001000080082001600090100002300106245003200129260003800161300000800199500003500207505001900242650002000261700002300281nice12345678IN_TiNIC20260116011847.0050524s0000 luca grp 000 0 hin  ac10000a297.2bALI2 aAli Mirza, Bahadur aChiragh-E-hidayat (2 Parts) aLucknowbTanzeemkul Makatibc0000 a88p aincludes index and biblioraphy2 abound together aIslam-Doctrines1 aAli Mirza, Bahadur